MARC details
| 000 -CABECERA |
| campo de control de longitud fija |
02564nam a2200361 a 4500 |
| 001 - NÚMERO DE CONTROL |
| campo de control |
BRCA_3235 |
| 005 - FECHA Y HORA DE LA ÚLTIMA TRANSACCIÓN |
| campo de control |
20190320204158.0 |
| 008 - DATOS DE LONGITUD FIJA--INFORMACIÓN GENERAL |
| campo de control de longitud fija |
060309s1801----enka---###---#000-0#eng-# |
| 041 ## - CÓDIGO DE LENGUA |
| Código de lengua del texto/banda sonora o título independiente |
eng |
| 044 ## - CÓDIGO DEL PAÍS DE LA ENTIDAD EDITORA/PRODUCTORA |
| Código MARC del país |
enk |
| 084 ## - OTRO NÚMERO DE CLASIFICACIÓN |
| Número de clasificación |
536 |
| Número de documento/Ítem |
.M55 |
| -- |
1801 |
| 100 1# - ENTRADA PRINCIPAL--NOMBRE DE PERSONA |
| Nombre de persona |
Cervantes Saavedra, Miguel de |
| Fechas asociadas al nombre |
1547-1616 |
| 9 (RLIN) |
213 |
| 245 10 - MENCIÓN DE TÍTULO |
| Título |
The Life and Exploits of the Ingenious Gentleman Don Quixote de la Mancha |
| Mención de responsabilidad, etc. |
Translated from the Original Spanish of Miguel de Cervantes Saavedra by Charles Jarvis. |
| 260 ## - PUBLICACIÓN, DISTRIBUCIÓN, ETC. |
| Lugar de publicación, distribución, etc. |
Londres |
| Nombre del editor, distribuidor, etc. |
W. Miller |
| Fecha de publicación, distribución, etc. |
1801 |
| 300 ## - DESCRIPCIÓN FÍSICA |
| Extensión |
4 v. |
| Otras características físicas |
il. |
| Dimensiones |
22 cm. |
| 500 ## - NOTA GENERAL |
| Nota general |
Contenido : v.1. Primera parte. Retrato de Cervantes. Prefacio del editor. Vida de Cervantes. Plan cronológico por V. de los Ríos. Mapa del centro de España. Prólogo del autor. -- v.2. Texto. -- v.3. Segunda parte. Prólogo del autor. -- v.4. Texto |
| 500 ## - NOTA GENERAL |
| Nota general |
Edición : Now Carefully Revised and Corrected with a new Translation of the Spanish Poetry to which is Prefixed a Copious and new Life of Cervantes; Including a Critique on the Quixote also a Chronological plan of the Work Embellished with new Engravings and a Map of a Part of Spain |
| 500 ## - NOTA GENERAL |
| Nota general |
Edición de la versión de Jarvis, cuidadosamente corregida en vista de las publicadas por la Academia Española, de cuyas primeras ediciones se tomaron la Vida de Cervantes, escrita por Vicente de los Ríos, el plan cronológico de éste, y el mapa de los lugares por donde anduvo D. Quijote. El retrato de Cervantes es copia del que llevan las ediciones de la Academia Española; algunas láminas son copias de la edición grande de la mencionada Academia y otras, dibujadas por Stothard, etc. Estas últimas adolecen del defecto propio de las ilustraciones extranjeras mostrando un Quijote inglés en un ambiente británico. Bella edición impresa en buen papel con tipos claros. Piel; lomeras decoradas con dorados Lúdovik Osterc |
| 500 ## - NOTA GENERAL |
| Nota general |
Estado físico : vol. 1. Cubierta desprendida |
| 500 ## - NOTA GENERAL |
| Nota general |
Con ex-libris de : Federic Noel |
| 500 ## - NOTA GENERAL |
| Nota general |
Incluye notas al final de cada volumen |
| 500 ## - NOTA GENERAL |
| Nota general |
QM429 |
| 546 ## - NOTA DE LENGUA/LENGUAJE |
| Nota de lengua/lenguaje |
Texto en : inglés |
| 650 14 - PUNTO DE ACCESO ADICIONAL DE MATERIA--TÉRMINO DE MATERIA |
| Término de materia o nombre geográfico como elemento de entrada |
Novela española |
| Subdivisión cronológica |
Época clásica, 1500-1700 |
| 9 (RLIN) |
215 |
| 650 14 - PUNTO DE ACCESO ADICIONAL DE MATERIA--TÉRMINO DE MATERIA |
| Término de materia o nombre geográfico como elemento de entrada |
Literatura española |
| Subdivisión cronológica |
Época clásica, 1500-1700 |
| 9 (RLIN) |
216 |
| 650 14 - PUNTO DE ACCESO ADICIONAL DE MATERIA--TÉRMINO DE MATERIA |
| Término de materia o nombre geográfico como elemento de entrada |
Novela española |
| Subdivisión cronológica |
Siglo XVII |
| 9 (RLIN) |
217 |
| 650 14 - PUNTO DE ACCESO ADICIONAL DE MATERIA--TÉRMINO DE MATERIA |
| Término de materia o nombre geográfico como elemento de entrada |
Don Quijote (Personaje ficticio) |
| Término indicativo de función/relación |
Novela |
| 9 (RLIN) |
218 |
| 700 1# - PUNTO DE ACCESO ADICIONAL--NOMBRE DE PERSONA |
| Nombre de persona |
Jarvis, Charles |
| Fechas asociadas al nombre |
?-1739 |
| Término indicativo de función/relación |
Traductor |
| 9 (RLIN) |
8627 |
| 700 1# - PUNTO DE ACCESO ADICIONAL--NOMBRE DE PERSONA |
| Nombre de persona |
Ríos, Vicente de los |
| Fechas asociadas al nombre |
1732-1779 |
| Término indicativo de función/relación |
Biógrafo |
| 9 (RLIN) |
8628 |
| 740 0# - PUNTO DE ACCESO ADICIONAL--TÍTULO RELACIONADO O ANALÍTICO NO CONTROLADO |
| Título relacionado o analítico no controlado |
El Ingenioso Hidalgo Don Quijote de la Mancha |
| 902 ## - CATALOGADOR |
| Iniciales |
QFM |
| 942 ## - ELEMENTOS DE PUNTO DE ACCESO ADICIONAL (KOHA) |
| Fuente del sistema de clasificación o colocación |
Library of Congress Classification |
| Tipo de ítem Koha |
Libros |